000 00278nam a2200121 a 4500
005 20141022142005.0
008 080922s19uu xx 00 eng d
050 _aVCD
_bR66 1999
245 _aRomeo and juliet.
650 _aVCD.
650 _aRomeo and juliet.
942 _cAVM
999 _c276480
_d276480